Encyclopaedia of Food and Nutrition (Record no. 17443)

MARC details
000 -LEADER
fixed length control field 00461nam a22001697a 4500
003 - CONTROL NUMBER IDENTIFIER
control field OSt
005 - DATE AND TIME OF LATEST TRANSACTION
control field 20211110105222.0
008 - FIXED-LENGTH DATA ELEMENTS--GENERAL INFORMATION
fixed length control field 211110b |||||||| |||| 00| 0 eng d
020 ## - INTERNATIONAL STANDARD BOOK NUMBER
International Standard Book Number 978-81-261-3388-8
040 ## - CATALOGING SOURCE
Transcribing agency Hawassa University
050 ## - LIBRARY OF CONGRESS CALL NUMBER
Classification number 641.1/TRI
Item number 8
082 ## - DEWEY DECIMAL CLASSIFICATION NUMBER
Classification number 641.1/TRI
Item number 8
100 ## - MAIN ENTRY--PERSONAL NAME
Personal name Trivedi,Sandhya
9 (RLIN) 17645
245 ## - TITLE STATEMENT
Title Encyclopaedia of Food and Nutrition
260 ## - PUBLICATION, DISTRIBUTION, ETC.
Place of publication, distribution, etc. New Delhi
Name of publisher, distributor, etc. Anmol Publications Pvt.Ltd
Date of publication, distribution, etc. 2007
942 ## - ADDED ENTRY ELEMENTS (KOHA)
Source of classification or shelving scheme Dewey Decimal Classification
Koha item type Books like text book referance book
Suppress in OPAC No
Holdings
Withdrawn status Lost status Source of classification or shelving scheme Damaged status Not for loan Home library Current library Date acquired Total Checkouts Full call number Barcode Date last seen Copy number Price effective from Koha item type
    Dewey Decimal Classification     College of Agriculture Library College of Agriculture Library 11/10/2021   641.1/TRI ALIB0004127 11/10/2021 1 11/10/2021 Books like text book referance book
    Dewey Decimal Classification     College of Agriculture Library College of Agriculture Library 11/10/2021   641.1/TRI ALIB0004128 11/10/2021 2 11/10/2021 Books like text book referance book
    Dewey Decimal Classification     College of Agriculture Library College of Agriculture Library 11/10/2021   641.1/TRI ALIB0004129 11/10/2021 3 11/10/2021 Books like text book referance book
    Dewey Decimal Classification     College of Agriculture Library College of Agriculture Library 11/10/2021   641.1/TRI ALIB0004130 11/10/2021 4 11/10/2021 Books like text book referance book
    Dewey Decimal Classification     College of Agriculture Library College of Agriculture Library 11/10/2021   641.1/TRI ALIB0004131 11/10/2021 5 11/10/2021 Books like text book referance book
    Dewey Decimal Classification     College of Agriculture Library College of Agriculture Library 11/10/2021   641.1/TRI ALIB0004132 11/10/2021 6 11/10/2021 Books like text book referance book
    Dewey Decimal Classification     College of Agriculture Library College of Agriculture Library 11/10/2021   641.1/TRI ALIB0004133 11/10/2021 7 11/10/2021 Books like text book referance book
    Dewey Decimal Classification     College of Agriculture Library College of Agriculture Library 11/10/2021   641.1/TRI ALIB0004134 11/10/2021 8 11/10/2021 Books like text book referance book